Life's for the Living (anniversary edition)--Passenger (all lyrics) - Statistics

General Stats
  • This quiz has been taken 18 times
  • The average score is 220 of 374
Answer Stats
Answer % Correct
Life's
100%
be
91%
better
91%
dead.
91%
dead)
91%
dead. (x3)
91%
for
91%
I
91%
live
91%
living.
91%
living,
91%
of
91%
off
91%
or
91%
(or
91%
so
91%
the
91%
The
91%
you
91%
You
91%
your
91%
you're
91%
a
82%
an
82%
and
82%
And
82%
give
82%
it,
82%
it
82%
to
82%
all
73%
given.
73%
We
73%
we
73%
what
73%
around
64%
boy
64%
boys
64%
cry
64%
Don't
64%
down
64%
down,
64%
Get
64%
in
64%
lost
64%
lost,
64%
need
64%
out
64%
rain.
64%
rain
64%
smile
64%
they
64%
They
64%
Well
64%
Well,
64%
above
55%
books
55%
but
55%
car,
55%
find
55%
laughed,
55%
like
55%
made
55%
old
55%
on
55%
one
55%
plastic.
55%
read:
55%
that
55%
took
55%
town
55%
town,
55%
toys
55%
boots.
45%
call.
45%
clouds
45%
crackling
45%
dressed
45%
elastic.
45%
grey
45%
had
45%
its
45%
look
45%
man's
45%
my
45%
myself
45%
no
45%
poem
45%
same.
45%
sky
45%
stars
45%
stars.
45%
suits
45%
Taiwanese
45%
take
45%
their
45%
then
45%
'til
45%
'Til
45%
urinal
45%
vinyl.
45%
bus
36%
buttons
36%
cafe
36%
can
36%
Cars
36%
carved
36%
crows,
36%
said:
36%
stick
36%
drown.
36%
'em
36%
fell
36%
from
36%
have
36%
heels
36%
her
36%
high
36%
home.
36%
iPhones,
36%
jacket.
36%
mist
36%
moon
36%
nail,
36%
new
36%
packet,
36%
Puddles
36%
pulled
36%
rainbows
36%
she
36%
slowly
36%
son
36%
stick
36%
stomach
36%
stop
36%
storage.
36%
stumbled
36%
wall.
36%
when
36%
back
27%
blanket
27%
clothes,
27%
danced
27%
dreams
27%
evening
27%
eye,
27%
go
27%
going
27%
hand
27%
heart
27%
hell
27%
huddles
27%
I'll
27%
into
27%
make
27%
memories
27%
must
27%
needed
27%
oil
27%
own
27%
paid
27%
pigeons
27%
place,
27%
rubbed
27%
shone
27%
Someday
27%
someone
27%
splashed
27%
stains.
27%
tacked
27%
toes.
27%
way.
27%
way
27%
where
27%
While
27%
while
27%
With
27%
with
27%
wrapped
27%
you've
27%
bed
18%
cleaned
18%
disused
18%
drains,
18%
highway.
18%
leaves
18%
loans.
18%
mattress
18%
mortgage
18%
needle
18%
pecked
18%
planes,
18%
showed
18%
sick
18%
stitch
18%
stood
18%
takes
18%
this
18%
thread:
18%
thumb,
18%
trudge
18%
widow
18%
words
18%
Yeah
18%
Ah
9%
blind
9%
flew
9%
forage.
9%
I'm
9%
launderettes
9%
sparks
9%
No matching quizzes found
Score Distribution
Percent of People with Each Score
Percentile by Number Answered
Your Score History
You have not taken this quiz